00761nam a2200217 a 4500008004100000020002900041040001600070245012700086260005700213300004600270336002800316337003000344338002900374500002000403650003100423700002400454700002300478700002400501003000100525005001700526  a9781107150539 (hardback) aNUST cNUST10aFrom Matter to Life: b information and causality /cedited by Walker Sara Imari, Davies Paul C. W. and Ellis George F. R. aUnited Kingdom :bCambridge University Press, c2017 axxii, 494 pages :billustrations ;c25 cm atextbtxt2rdacontent  aunmediatedbn2rdamedia  avolumebnc2rdacarrier  aIncludes index. 1aInformation abd Casuality. aEllis, George F. R. aDavies, Paul C. W. aWalker, Sara Imari.20230120204314.0